00000000nam 2200000zi 4500
0019.919163
003CaOODSP
00520241119150812
006m     o  d f      
007cr mn|||||||||
008230116t20232023quca    ob   f000 0 eng d
020 |a9780660470917
040 |aCaOODSP|beng|erda|cCaOODSP
043 |an-cn---
0861 |aEn14-495/5-2023E-PDF
24500|aProcedure for unauthorized wastewater deposits.
250 |a[2023 edition].
264 1|a[Gatineau, Quebec] : |bEnvironment and Climate Change Canada = Environnement et changement climatique Canada, |c[2023]
264 4|c©2023
300 |a1 online resource (3 pages) : |bcolour illustrations
336 |atext|btxt|2rdacontent
337 |acomputer|bc|2rdamedia
338 |aonline resource|bcr|2rdacarrier
500 |aIssued also in French under title: Procédure pour le rejet non autorisé d'eaux usées.
500 |aAt head of title: The Effluencer, vol. 10, Wastewater Systems Effluent Regulations.
500 |a"EC22089"--Page 3.
504 |aIncludes bibliographical references.
650 0|aSewerage|xLaw and legislation|zCanada.
650 0|aSewage disposal in rivers, lakes, etc.|xLaw and legislation|zCanada.
650 0|aSewage disposal in the ocean|xLaw and legislation|zCanada.
7101 |aCanada. |bEnvironment and Climate Change Canada, |eissuing body.
77508|tProcédure pour le rejet non autorisé d'eaux usées.|w(CaOODSP)9.919164
794 |tReporting of unauthorized wastewater deposits.|b(2024)|w(CaOODSP)9.940740
85640|qPDF|s1.60 MB|uhttps://publications.gc.ca/collections/collection_2024/eccc/En14-495-5-2023-eng.pdf
986 |aEC22089